[Event "IV Copa Marcel Duchamp 2020"]
[Site "Montevideo"]
[Date "2020.02.15"]
[Round "9.11"]
[White "Vazquez, Facundo"]
[Black "Garcia Palermo, Carlos"]
[Result "1/2-1/2"]
[WhiteElo "2155"]
[BlackElo "2434"]
[Annotator "ChessBase"]
[PlyCount "137"]
[EventDate "2020.02.08"]
[EventType "swiss"]
[EventCountry "URU"]
[SourceTitle "playchess.com"]
[Source "ChessBase"]
[SourceQuality "1"]
[TimeControl "5400+30"]

1. d4 {[%emt 0:00:00]} Nf6 {[%emt 0:00:00]} 2. c4 {[%emt 0:00:00]} e6 {[%emt 0:00:00]} 3. Nf3 {[%emt 0:00:02]} Bb4+ {[%emt 0:00:00]} 4. Bd2 {[%emt 0:00:04]} Qe7 {[%emt 0:00:00]} 5. g3 {[%emt 0:00:26]} Bxd2+ {[%emt 0:00:35]} 6. Qxd2 {[%emt 0:00:44]} Nc6 {[%emt 0:00:18]} 7. Nc3 {[%emt 0:02:41]} d5 {[%emt 0:00:07]} 8. cxd5 {[%emt 0:03:12]} exd5 {[%emt 0:00:05]} 9. Bg2 {[%emt 0:01:08]} O-O {[%emt 0:00:09]} 10. O-O {[%emt 0:00:18]} Bg4 {[%emt 0:00:10]} 11. Qf4 {[%emt 0:09:07]} Rfe8 {[%emt 0:07:39]} 12. Rfe1 {[%emt 0:06:39]} Rad8 {[%emt 0:00:45]} 13. Rad1 {[%emt 0:05:14]} a6 {[%emt 0:03:23]} 14. h3 {[%emt 0:10:29]} Bc8 {[%emt 0:04:36]} 15. g4 {[%emt 0:05:31]} Ne4 {[%emt 0:04:04]} 16. Nxe4 {[%emt 0:05:21]} dxe4 {[%emt 0:00:11]} 17. Ng5 {[%emt 0:01:30]} Nxd4 {[%emt 0:22:14]} 18. Rc1 {[%emt 0:01:49]} c6 {[%emt 0:03:41]} 19. Nxe4 {[%emt 0:03:11]} f5 {[%emt 0:03:50]} 20. gxf5 {[%emt 0:02:28]} Bxf5 {[%emt 0:03:25]} 21. e3 {[%emt 0:02:34]} Ne2+ {[%emt 0:00:50]} 22. Rxe2 {[%emt 0:00:06]} Bxe4 {[%emt 0:00:07]} 23. Bxe4 {[%emt 0:01:13]} Qxe4 {[%emt 0:00:08]} 24. Qxe4 {[%emt 0:00:16]} Rxe4 {[%emt 0:00:06]} 25. f3 {[%emt 0:00:16]} Rh4 {[%emt 0:03:36]} 26. Kg2 {[%emt 0:03:58]} Rd6 {[%emt 0:00:27]} 27. Rh1 {[%emt 0:00:47]} Rc4 {[%emt 0:01:06]} 28. f4 {[%emt 0:01:03]} a5 {[%emt 0:00:54]} 29. e4 {[%emt 0:01:33]} Kf7 {[%emt 0:01:43]} 30. Rf1 {[%emt 0:01:58]} Rdd4 {[%emt 0:03:37]} 31. Kf3 {[%emt 0:02:01]} a4 {[%emt 0:00:17]} 32. Rff2 {[%emt 0:02:02]} b5 {[%emt 0:00:33]} 33. f5 {[%emt 0:03:05]} c5 {[%emt 0:02:49]} 34. Kf4 {[%emt 0:03:06]} b4 {[%emt 0:00:56]} 35. b3 {[%emt 0:03:44]} axb3 {[%emt 0:04:05]} 36. axb3 {[%emt 0:00:02]} Rc3 {[%emt 0:00:10]} 37. Ra2 {[%emt 0:00:13]} Rd7 {[%emt 0:02:05]} 38. Rfc2 {[%emt 0:01:25]} Rxb3 {[%emt 0:01:08]} 39. Rxc5 {[%emt 0:00:04]} Rxh3 {[%emt 0:00:25]} 40. Rb5 {[%emt 0:00:56]} Rh4+ {[%emt 0:04:06]} 41. Ke3 {[%emt 0:01:03]} b3 {[%emt 0:01:23]} 42. Rb2 {[%emt 0:00:26]} Rh3+ {[%emt 0:06:48]} 43. Kf4 {[%emt 0:00:16]} Re7 {[%emt 0:00:22]} 44. Rb4 {[%emt 0:02:26]} h6 {[%emt 0:03:37]} 45. R2xb3 {[%emt 0:00:46]} Rh4+ {[%emt 0:00:21]} 46. Kf3 {[%emt 0:00:07]} Rexe4 {[%emt 0:00:22]} 47. Rxe4 {[%emt 0:01:05]} Rh3+ {[%emt 0:00:06]} 48. Kf4 {[%emt 0:00:13]} Rxb3 {[%emt 0:00:06]} 49. Ra4 {[%emt 0:00:20]} Rb6 {[%emt 0:01:25]} 50. Ke5 {[%emt 0:01:54]} Kg8 {[%emt 0:00:16]} 51. Kf4 {[%emt 0:01:51]} Kh7 {[%emt 0:03:14]} 52. Rc4 {[%emt 0:01:05]} Rb1 {[%emt 0:00:09]} 53. Ra4 {[%emt 0:01:39]} Rf1+ {[%emt 0:00:23]} 54. Kg4 {[%emt 0:00:22]} Rg1+ {[%emt 0:00:32]} 55. Kf4 {[%emt 0:01:15]} h5 {[%emt 0:00:40]} 56. Ra6 {[%emt 0:01:15]} Rg4+ {[%emt 0:03:58]} 57. Kf3 {[%emt 0:00:15]} Kg8 {[%emt 0:02:31]} 58. Rg6 {[%emt 0:01:57]} Rxg6 {[%emt 0:00:31]} 59. fxg6 {[%emt 0:00:01]} Kf8 {[%emt 0:00:10]} 60. Kf4 {[%emt 0:00:29]} Ke7 {[%emt 0:00:05]} 61. Kg5 {[%emt 0:00:31]} h4 {[%emt 0:00:07]} 62. Kxh4 {[%emt 0:00:12]} Kf6 {[%emt 0:00:14]} 63. Kh5 {[%emt 0:00:28]} Kf5 {[%emt 0:00:07]} 64. Kh4 {[%emt 0:00:16]} Kxg6 {[%emt 0:00:06]} 65. Kg4 {[%emt 0:00:06]} Kf6 {[%emt 0:00:04]} 66. Kf4 {[%emt 0:00:11]} g5+ {[%emt 0:00:05]} 67. Kg4 {[%emt 0:00:06]} Kg6 {[%emt 0:00:06]} 68. Kg3 {[%emt 0:00:10]} g4 {[%emt 0:00:03]} 69. Kxg4 {[%emt 0:00:04]} 1/2-1/2

[Event "IV Copa Marcel Duchamp 2020"]
[Site "Montevideo"]
[Date "2020.02.15"]
[Round "9.12"]
[White "Munoz Perez, Rolando"]
[Black "Vitoux, Colomban"]
[Result "1/2-1/2"]
[WhiteElo "2130"]
[BlackElo "2377"]
[Annotator "ChessBase"]
[PlyCount "92"]
[EventDate "2020.02.08"]
[EventType "swiss"]
[EventCountry "URU"]
[SourceTitle "playchess.com"]
[Source "ChessBase"]
[SourceQuality "1"]
[TimeControl "5400+30"]

1. d4 Nf6 {[%emt 0:00:15]} 2. c4 {[%emt 0:00:00]} g6 3. Nc3 d5 {[%emt 0:00:39]} 4. Nf3 {[%emt 0:00:00]} Bg7 {[%emt 0:00:29]} 5. Bg5 {[%emt 0:00:11]} Ne4 {[%emt 0:01:19]} 6. cxd5 {[%emt 0:00:26]} Nxg5 {[%emt 0:02:18]} 7. Nxg5 {[%emt 0:00:08]} c6 {[%emt 0:00:29]} 8. Nf3 {[%emt 0:06:26]} cxd5 {[%emt 0:00:47]} 9. Qb3 {[%emt 0:00:25]} e6 {[%emt 0:01:21]} 10. e3 {[%emt 0:00:22]} Nc6 {[%emt 0:00:06]} 11. Be2 {[%emt 0:00:33]} O-O {[%emt 0:00:20]} 12. O-O {[%emt 0:00:14]} Na5 {[%emt 0:07:31]} 13. Qc2 {[%emt 0:03:11]} Bd7 {[%emt 0:04:13]} 14. Rac1 {[%emt 0:00:29]} Qe7 {[%emt 0:03:24]} 15. Bb5 {[%emt 0:06:00]} Bxb5 {[%emt 0:06:05]} 16. Nxb5 {[%emt 0:00:10]} a6 {[%emt 0:01:28]} 17. Nc3 {[%emt 0:06:19]} Rfc8 {[%emt 0:01:37]} 18. b3 {[%emt 0:01:30]} Rc6 {[%emt 0:07:01]} 19. Qb2 {[%emt 0:00:33]} Rac8 {[%emt 0:01:24]} 20. Ne2 {[%emt 0:02:12]} f6 {[%emt 0:05:15]} 21. Rfd1 {[%emt 0:02:54]} Bf8 {[%emt 0:00:58]} 22. Rxc6 {[%emt 0:00:42]} Rxc6 {[%emt 0:00:59]} 23. Rc1 {[%emt 0:00:27]} Qc7 {[%emt 0:10:26]} 24. Rxc6 {[%emt 0:06:37]} Nxc6 {[%emt 0:00:35]} 25. Qc2 {[%emt 0:02:41]} Qa5 {[%emt 0:05:54]} 26. g3 {[%emt 0:02:31]} Bb4 {[%emt 0:02:35]} 27. e4 {[%emt 0:01:50]} Kf7 {[%emt 0:08:51]} 28. Nf4 {[%emt 0:02:23]} Bd6 {[%emt 0:01:29]} 29. exd5 {[%emt 0:03:15]} exd5 {[%emt 0:00:11]} 30. Nd3 {[%emt 0:01:09]} Qb6 {[%emt 0:01:50]} 31. Qc3 {[%emt 0:00:48]} Qd8 {[%emt 0:05:16]} 32. Nc5 {[%emt 0:02:46]} Qe7 {[%emt 0:03:22]} 33. Nxa6 {[%emt 0:00:57]} Qe4 {[%emt 0:02:31]} 34. Nc5 {[%emt 0:08:56]} Bxc5 {[%emt 0:00:02]} 35. dxc5 {[%emt 0:00:15]} d4 {[%emt 0:00:32]} 36. Qc4+ {[%emt 0:00:43]} Kg7 {[%emt 0:05:03]} 37. Nd2 {[%emt 0:00:54]} Qe1+ {[%emt 0:00:12]} 38. Nf1 {[%emt 0:00:08]} Ne5 {[%emt 0:01:14]} 39. Qd5 {[%emt 0:00:30]} d3 {[%emt 0:05:38]} 40. Kg2 {[%emt 0:00:35]} Kh6 {[%emt 0:03:13]} 41. h3 {[%emt 0:01:59]} g5 {[%emt 0:00:50]} 42. a3 {[%emt 0:00:45]} Qc3 {[%emt 0:01:11]} 43. Qd6 {[%emt 0:02:22]} Kg6 {[%emt 0:00:26]} 44. Qd5 {[%emt 0:00:38]} Kh6 {[%emt 0:00:03]} 45. Qd6 {[%emt 0:00:09]} Kg6 {[%emt 0:01:03]} 46. Qd5 {[%emt 0:00:09]} Kh6 {[%emt 0:01:01]} 1/2-1/2

[Event "IV Copa Marcel Duchamp 2020"]
[Site "Montevideo"]
[Date "2020.02.15"]
[Round "9.13"]
[White "Contin, Daniel"]
[Black "Coppola, Claudio"]
[Result "0-1"]
[WhiteElo "2267"]
[BlackElo "2314"]
[Annotator "ChessBase"]
[PlyCount "106"]
[EventDate "2020.02.08"]
[EventType "swiss"]
[EventCountry "URU"]
[SourceTitle "playchess.com"]
[Source "ChessBase"]
[SourceQuality "1"]
[TimeControl "5400+30"]

1. c4 {[%emt 0:05:57]} b6 {[%emt 0:18:43]} 2. d4 {[%emt 0:00:43]} Bb7 {[%emt 0:00:04]} 3. Nc3 {[%emt 0:00:19]} e6 {[%emt 0:00:12]} 4. a3 {[%emt 0:00:45]} f5 {[%emt 0:00:56]} 5. d5 {[%emt 0:04:36]} Nf6 {[%emt 0:02:32]} 6. g3 {[%emt 0:04:41]} Be7 {[%emt 0:03:05]} 7. Bg2 {[%emt 0:00:02]} Na6 {[%emt 0:11:13]} 8. b4 {[%emt 0:03:08]} O-O {[%emt 0:00:19]} 9. Nh3 {[%emt 0:06:56]} exd5 {[%emt 0:04:33]} 10. Nf4 {[%emt 0:08:07]} Ne4 {[%emt 0:01:33]} 11. Ncxd5 {[%emt 0:00:17]} Bf6 {[%emt 0:00:54]} 12. Ra2 {[%emt 0:06:48]} Nc3 {[%emt 0:02:46]} 13. Nxc3 {[%emt 0:06:58]} Bxg2 {[%emt 0:00:43]} 14. Nxg2 {[%emt 0:00:04]} Bxc3+ {[%emt 0:00:07]} 15. Kf1 {[%emt 0:03:11]} Qe7 {[%emt 0:05:43]} 16. Qd3 {[%emt 0:07:16]} Be5 {[%emt 0:06:02]} 17. h4 {[%emt 0:08:09]} c6 {[%emt 0:02:23]} 18. Bf4 {[%emt 0:00:58]} Rad8 {[%emt 0:22:46]} 19. Rd2 {[%emt 0:06:07]} Nc7 {[%emt 0:01:40]} 20. Qe3 {[%emt 0:07:01]} Rfe8 {[%emt 0:00:11]} 21. Bg5 {[%emt 0:02:30]} Bf6 {[%emt 0:00:09]} 22. Qxe7 {[%emt 0:00:05]} Bxe7 {[%emt 0:00:14]} 23. Bf4 {[%emt 0:05:37]} Ne6 {[%emt 0:00:22]} 24. Ne3 {[%emt 0:00:01]} Nxf4 {[%emt 0:00:59]} 25. gxf4 {[%emt 0:00:02]} g6 {[%emt 0:00:51]} 26. Kg2 {[%emt 0:00:10]} a5 {[%emt 0:00:28]} 27. Rhd1 {[%emt 0:01:31]} axb4 {[%emt 0:01:41]} 28. axb4 {[%emt 0:00:01]} Bxb4 {[%emt 0:00:05]} 29. Rxd7 {[%emt 0:00:03]} Rxd7 {[%emt 0:00:08]} 30. Rxd7 {[%emt 0:00:01]} Bc5 {[%emt 0:00:09]} 31. Kf3 {[%emt 0:00:24]} Re4 {[%emt 0:01:08]} 32. Rd8+ {[%emt 0:00:16]} Kf7 {[%emt 0:01:05]} 33. Rd7+ {[%emt 0:00:03]} Ke6 {[%emt 0:00:08]} 34. Rxh7 {[%emt 0:00:57]} Bxe3 {[%emt 0:00:05]} 35. fxe3 {[%emt 0:00:17]} Rxc4 {[%emt 0:00:06]} 36. h5 {[%emt 0:00:42]} gxh5 {[%emt 0:00:09]} 37. Rh6+ {[%emt 0:00:13]} Kd7 {[%emt 0:01:19]} 38. Rxh5 {[%emt 0:00:25]} Ke6 {[%emt 0:01:46]} 39. Rh6+ {[%emt 0:01:04]} Kf7 {[%emt 0:00:02]} 40. Kg3 {[%emt 0:04:30]} b5 {[%emt 0:00:32]} 41. Kh4 {[%emt 0:00:01]} b4 {[%emt 0:01:05]} 42. Kg5 {[%emt 0:00:59]} Rc5 {[%emt 0:00:06]} 43. e4 {[%emt 0:01:33]} b3 {[%emt 0:01:15]} 44. exf5 {[%emt 0:00:55]} b2 {[%emt 0:00:30]} 45. Rh1 {[%emt 0:00:51]} Rc1 {[%emt 0:00:14]} 46. Rh7+ {[%emt 0:00:33]} Kg8 {[%emt 0:00:17]} 47. Ra7 {[%emt 0:02:57]} b1=Q {[%emt 0:00:56]} 48. Ra8+ {[%emt 0:00:05]} Kf7 {[%emt 0:00:07]} 49. Ra7+ {[%emt 0:00:07]} Ke8 {[%emt 0:00:02]} 50. Ra8+ {[%emt 0:00:18]} Kd7 {[%emt 0:00:07]} 51. Ra7+ {[%emt 0:00:21]} Kd6 {[%emt 0:00:16]} 52. e4 {[%emt 0:00:14]} Qxe4 {[%emt 0:00:36]} 53. Kf6 {[%emt 0:00:11]} Qd4+ {[%emt 0:00:07] Ke5+ Kxe5} 0-1

[Event "IV Copa Marcel Duchamp 2020"]
[Site "Montevideo"]
[Date "2020.02.15"]
[Round "9.14"]
[White "Suarez, Pedro"]
[Black "Larrea, Manuel"]
[Result "0-1"]
[WhiteElo "2063"]
[BlackElo "2243"]
[Annotator "ChessBase"]
[PlyCount "70"]
[EventDate "2020.02.08"]
[EventType "swiss"]
[EventCountry "URU"]
[SourceTitle "playchess.com"]
[Source "ChessBase"]
[SourceQuality "1"]
[TimeControl "5400+30"]

1. d4 {[%emt 0:00:00]} Nf6 {[%emt 0:00:00]} 2. c4 {[%emt 0:00:00]} g6 {[%emt 0:00:00]} 3. Nc3 {[%emt 0:00:00]} Bg7 {[%emt 0:00:02]} 4. e4 {[%emt 0:01:11]} d6 {[%emt 0:00:09]} 5. Be2 {[%emt 0:01:01]} O-O {[%emt 0:00:26]} 6. Nf3 {[%emt 0:01:00]} e5 {[%emt 0:01:00]} 7. O-O {[%emt 0:01:30]} Nc6 {[%emt 0:01:03]} 8. d5 {[%emt 0:03:34]} Ne7 {[%emt 0:00:37]} 9. b4 {[%emt 0:01:51]} c6 {[%emt 0:00:30]} 10. Ba3 {[%emt 0:15:03]} cxd5 {[%emt 0:07:37]} 11. cxd5 {[%emt 0:04:18]} Ne8 {[%emt 0:00:31]} 12. Nd2 {[%emt 0:07:45]} f5 {[%emt 0:00:22]} 13. Nc4 {[%emt 0:01:04]} fxe4 {[%emt 0:14:59]} 14. b5 {[%emt 0:09:35]} Bf5 {[%emt 0:09:28]} 15. b6 {[%emt 0:04:47]} axb6 {[%emt 0:06:28]} 16. Nb5 {[%emt 0:03:39]} Nc8 {[%emt 0:06:06]} 17. Qb3 {[%emt 0:03:34]} Rf6 {[%emt 0:03:48]} 18. Rad1 {[%emt 0:05:28]} Kh8 {[%emt 0:12:29]} 19. Bc1 {[%emt 0:11:33]} Rf7 {[%emt 0:01:13]} 20. Be3 {[%emt 0:00:50]} Nf6 {[%emt 0:01:45]} 21. Nc3 {[%emt 0:01:51]} Nd7 {[%emt 0:01:50]} 22. g4 {[%emt 0:06:15]} Qh4 {[%emt 0:02:47]} 23. gxf5 {[%emt 0:00:40]} gxf5 {[%emt 0:02:07]} 24. f4 {[%emt 0:01:50]} Bh6 {[%emt 0:03:54]} 25. Bf2 {[%emt 0:00:22]} Rg7+ {[%emt 0:04:43]} 26. Bg3 {[%emt 0:03:37]} Rxg3+ {[%emt 0:06:36]} 27. hxg3 {[%emt 0:00:05]} Qxg3+ {[%emt 0:00:07]} 28. Kh1 {[%emt 0:00:03]} Ne7 {[%emt 0:00:21]} 29. Nxe4 {[%emt 0:00:56]} Qh4+ {[%emt 0:01:12]} 30. Kg2 {[%emt 0:00:05]} fxe4 {[%emt 0:01:13]} 31. Qh3 {[%emt 0:01:14]} Rg8+ {[%emt 0:00:19]} 32. Kh2 {[%emt 0:00:06]} Bxf4+ {[%emt 0:00:12]} 33. Rxf4 {[%emt 0:00:04]} Qxf4+ {[%emt 0:00:07]} 34. Kh1 {[%emt 0:00:03]} Nf5 {[%emt 0:01:34]} 35. Rg1 {[%emt 0:01:32]} Ng3+ {[%emt 0:00:22]} 0-1

[Event "IV Copa Marcel Duchamp 2020"]
[Site "Montevideo"]
[Date "2020.02.15"]
[Round "9.15"]
[White "Meskanen, Vesa"]
[Black "Carbone, Diego"]
[Result "1/2-1/2"]
[WhiteElo "2019"]
[BlackElo "2239"]
[Annotator "ChessBase"]
[PlyCount "72"]
[EventDate "2020.02.08"]
[EventType "swiss"]
[EventCountry "URU"]
[SourceTitle "playchess.com"]
[Source "ChessBase"]
[SourceQuality "1"]
[TimeControl "5400+30"]

1. d4 {[%emt 0:00:00]} Nf6 2. Nf3 {[%emt 0:01:28]} g6 {[%emt 0:06:24]} 3. c4 {[%emt 0:00:08]} Bg7 {[%emt 0:00:10]} 4. Nc3 {[%emt 0:00:07]} d5 {[%emt 0:00:31]} 5. cxd5 {[%emt 0:00:12]} Nxd5 {[%emt 0:00:07]} 6. e4 {[%emt 0:00:07]} Nxc3 {[%emt 0:00:06]} 7. bxc3 {[%emt 0:00:05]} c5 {[%emt 0:00:07]} 8. Be2 {[%emt 0:03:02]} Nc6 {[%emt 0:07:06]} 9. Be3 {[%emt 0:02:44]} Qa5 {[%emt 0:00:39]} 10. O-O {[%emt 0:00:39]} Qxc3 {[%emt 0:09:59]} 11. Rc1 {[%emt 0:00:18]} Qa3 {[%emt 0:00:04]} 12. Rxc5 {[%emt 0:00:13]} O-O {[%emt 0:00:53]} 13. Qd2 Rd8 {[%emt 0:09:36]} 14. Rfc1 {[%emt 0:21:41]} Bg4 {[%emt 0:09:04]} 15. R1c3 {[%emt 0:07:33]} Qb4 {[%emt 0:02:00]} 16. Rb5 {[%emt 0:04:45]} Qd6 {[%emt 0:01:41]} 17. Rxb7 {[%emt 0:16:43]} Bxf3 {[%emt 0:03:28]} 18. Bxf3 {[%emt 0:01:09]} Nxd4 {[%emt 0:00:27]} 19. Bxd4 {[%emt 0:04:00]} Bxd4 {[%emt 0:00:07]} 20. Rcc7 {[%emt 0:01:40]} Rac8 {[%emt 0:02:34]} 21. Qc2 {[%emt 0:06:38]} Bc5 {[%emt 0:03:09]} 22. Rxc8 {[%emt 0:06:18]} Rxc8 {[%emt 0:00:15]} 23. Rb1 {[%emt 0:00:27]} Rd8 {[%emt 0:06:09]} 24. Rd1 {[%emt 0:01:15]} Bd4 {[%emt 0:00:04]} 25. g3 {[%emt 0:00:18]} h5 {[%emt 0:01:31]} 26. Kg2 {[%emt 0:05:36]} h4 {[%emt 0:08:20]} 27. Qe2 {[%emt 0:01:20]} e5 {[%emt 0:02:02]} 28. Bg4 {[%emt 0:02:11]} Rb8 {[%emt 0:01:46]} 29. Rd2 {[%emt 0:01:23]} Qe7 {[%emt 0:01:17]} 30. Rc2 {[%emt 0:04:04]} Kg7 {[%emt 0:00:29]} 31. Qf3 {[%emt 0:01:51]} Rb1 {[%emt 0:00:54]} 32. Kh3 {[%emt 0:00:32]} Rb6 {[%emt 0:03:35]} 33. gxh4 {[%emt 0:02:09]} Rf6 {[%emt 0:00:12]} 34. Qg3 {[%emt 0:00:08]} Rf4 {[%emt 0:00:57]} 35. h5 {[%emt 0:01:35]} Qf6 {[%emt 0:04:31]} 36. f3 {[%emt 0:00:22]} g5 {[%emt 0:06:20]} 1/2-1/2

[Event "IV Copa Marcel Duchamp 2020"]
[Site "Montevideo"]
[Date "2020.02.15"]
[Round "9.16"]
[White "Shtemler, Lavi"]
[Black "Pichuaga, Juan Pablo"]
[Result "1/2-1/2"]
[WhiteElo "2199"]
[BlackElo "2030"]
[Annotator "ChessBase"]
[PlyCount "97"]
[EventDate "2020.02.08"]
[EventType "swiss"]
[EventCountry "URU"]
[SourceTitle "playchess.com"]
[Source "ChessBase"]
[SourceQuality "1"]
[TimeControl "5400+30"]

1. e4 {[%emt 0:07:30]} d5 {[%emt 0:01:30]} 2. exd5 {[%emt 0:00:06]} Qxd5 {[%emt 0:00:05]} 3. Nc3 {[%emt 0:00:07]} Qa5 {[%emt 0:02:21]} 4. d4 {[%emt 0:00:15]} c6 {[%emt 0:00:15]} 5. Nf3 {[%emt 0:00:07]} Nf6 {[%emt 0:00:27]} 6. Bc4 {[%emt 0:00:09]} Bg4 {[%emt 0:01:02]} 7. O-O {[%emt 0:00:30]} e6 {[%emt 0:00:15]} 8. h3 {[%emt 0:01:45]} Bh5 {[%emt 0:00:26]} 9. Bd2 {[%emt 0:02:37]} Qd8 {[%emt 0:03:28]} 10. g4 {[%emt 0:01:34]} Bg6 {[%emt 0:00:22]} 11. Qe2 {[%emt 0:01:56]} Be7 {[%emt 0:02:57]} 12. Bg5 {[%emt 0:09:35]} Nd5 {[%emt 0:11:19]} 13. Nxd5 {[%emt 0:18:34]} Bxg5 {[%emt 0:03:14]} 14. Nxg5 {[%emt 0:00:47]} cxd5 {[%emt 0:01:36]} 15. Nxe6 {[%emt 0:08:03]} fxe6 {[%emt 0:00:45]} 16. Qxe6+ {[%emt 0:00:02]} Kf8 {[%emt 0:04:26]} 17. Bxd5 {[%emt 0:00:24]} Nc6 {[%emt 0:00:26]} 18. Rae1 {[%emt 0:05:55]} Qf6 {[%emt 0:02:43]} 19. Bxc6 {[%emt 0:02:38]} bxc6 {[%emt 0:02:49]} 20. Qxf6+ {[%emt 0:03:53]} gxf6 {[%emt 0:00:09]} 21. Re6 {[%emt 0:00:03]} Rc8 {[%emt 0:01:02]} 22. Rxf6+ {[%emt 0:05:30]} Ke7 {[%emt 0:01:48]} 23. g5 {[%emt 0:01:42]} Rhf8 {[%emt 0:03:28]} 24. Re1+ {[%emt 0:03:39]} Kd7 {[%emt 0:00:19]} 25. Ree6 {[%emt 0:15:02]} Rxf6 {[%emt 0:02:29]} 26. Rxf6 {[%emt 0:00:01]} Bxc2 {[%emt 0:00:45]} 27. f4 {[%emt 0:00:39]} Rb8 {[%emt 0:01:45]} 28. b3 {[%emt 0:00:42]} Rb4 {[%emt 0:00:47]} 29. h4 {[%emt 0:04:46]} Rxd4 {[%emt 0:02:44]} 30. h5 {[%emt 0:00:16]} Bb1 {[%emt 0:03:37]} 31. Kf2 {[%emt 0:01:26]} Rd5 {[%emt 0:11:05]} 32. Rf7+ {[%emt 0:00:47]} Ke6 {[%emt 0:01:59]} 33. Rf6+ {[%emt 0:00:14]} Kd7 {[%emt 0:05:00]} 34. Ke3 {[%emt 0:02:13]} Bf5 {[%emt 0:01:18]} 35. Rf7+ {[%emt 0:00:29]} Ke6 {[%emt 0:04:12]} 36. Rxa7 {[%emt 0:00:01]} Rd3+ {[%emt 0:00:59]} 37. Ke2 {[%emt 0:00:11]} Rh3 {[%emt 0:00:44]} 38. h6 {[%emt 0:00:52]} Rh4 {[%emt 0:01:21]} 39. Ke3 {[%emt 0:00:50]} Rh3+ {[%emt 0:05:56]} 40. Ke2 {[%emt 0:00:11]} Kd5 {[%emt 0:03:23]} 41. Re7 {[%emt 0:00:39]} Kd4 {[%emt 0:00:58]} 42. Kf2 {[%emt 0:01:07]} Be4 {[%emt 0:01:08]} 43. Rd7+ {[%emt 0:00:54]} Kc5 {[%emt 0:01:06]} 44. Re7 {[%emt 0:00:29]} Kd5 {[%emt 0:00:21]} 45. Ke2 {[%emt 0:01:43]} Rh2+ {[%emt 0:05:01]} 46. Ke3 {[%emt 0:00:25]} Rh3+ {[%emt 0:00:47]} 47. Ke2 {[%emt 0:00:10]} Rh2+ {[%emt 0:01:31]} 48. Ke3 {[%emt 0:00:11]} Rh3+ {[%emt 0:00:18]} 49. Ke2 {[%emt 0:00:33]} 1/2-1/2

[Event "IV Copa Marcel Duchamp 2020"]
[Site "Montevideo"]
[Date "2020.02.15"]
[Round "9.17"]
[White "El Ters, Antouan"]
[Black "Montanu, Dan-Vladimir"]
[Result "1-0"]
[WhiteElo "2189"]
[BlackElo "1983"]
[Annotator "NA"]
[PlyCount "105"]
[EventDate "2020.02.08"]
[EventType "swiss"]
[EventCountry "URU"]
[SourceTitle "playchess.com"]
[Source "ChessBase"]
[SourceQuality "1"]
[TimeControl "5400+30"]

1. e4 {[%emt 0:00:00]} e5 {[%emt 0:08:24]} 2. Nf3 {[%emt 0:00:00]} Nc6 {[%emt 0:00:10]} 3. Bc4 {[%emt 0:00:00]} Bc5 {[%emt 0:01:10]} 4. b4 {[%emt 0:00:45]} Bxb4 {[%emt 0:02:36]} 5. c3 {[%emt 0:00:07]} Ba5 {[%emt 0:03:22]} 6. d4 {[%emt 0:00:15]} exd4 {[%emt 0:00:15]} 7. O-O {[%emt 0:00:42]} Nge7 {[%emt 0:07:42]} 8. cxd4 {[%emt 0:05:10]} d5 {[%emt 0:01:40]} 9. exd5 {[%emt 0:00:10]} Nxd5 {[%emt 0:00:24]} 10. Qb3 {[%emt 0:08:24]} Nce7 {[%emt 0:03:54]} 11. Ba3 $1 {[%emt 0:02:30]} c6 {[%emt 0:04:46]} 12. Nbd2 $11 {[%emt 0:01:34]} (12. Bxd5 $14 Qxd5 13. Qe3) 12... Bxd2 {[%emt 0:08:49]} 13. Nxd2 {[%emt 0:01:02]} b5 {[%emt 0:08:46]} 14. Bxd5 Nxd5 {[%emt 0:00:50]} 15. Rfe1+ {[%emt 0:05:36]} Be6 {[%emt 0:06:03]} 16. Bc5 {[%emt 0:02:57]} Ne7 {[%emt 0:00:30]} 17. Rxe6 {[%emt 0:01:44]} fxe6 {[%emt 0:01:08]} 18. Qxe6 Qd7 19. Re1 {[%emt 0:00:24]} O-O-O {[%emt 0:02:33]} 20. Qxe7 {[%emt 0:02:52]} Rhe8 {[%emt 0:03:01]} 21. Qxd7+ {[%emt 0:00:37]} Kxd7 {[%emt 0:00:09]} 22. Ne4 a5 {[%emt 0:10:35]} 23. f3 {[%emt 0:05:23]} Kc7 24. Rc1 {[%emt 0:01:34]} b4 {[%emt 0:02:42]} 25. Kf2 Rd5 {[%emt 0:00:46]} 26. Ke3 {[%emt 0:03:10]} Re6 {[%emt 0:05:18]} 27. Kd3 {[%emt 0:01:42]} Rf5 {[%emt 0:01:23]} 28. Rc2 {[%emt 0:00:52]} g5 {[%emt 0:00:31]} 29. h3 {[%emt 0:01:16]} h6 {[%emt 0:04:24]} 30. Rb2 {[%emt 0:01:15]} Rd5 {[%emt 0:03:01]} 31. a3 {[%emt 0:01:09]} bxa3 {[%emt 0:00:27]} 32. Rb3 {[%emt 0:02:00]} a2 {[%emt 0:03:22]} 33. Ra3 {[%emt 0:00:23]} Rd8 {[%emt 0:02:01]} 34. Rxa5 {[%emt 0:00:19]} Rb8 {[%emt 0:00:40]} 35. Rxa2 {[%emt 0:00:00]} Rb1 {[%emt 0:00:54]} 36. Ra7+ {[%emt 0:00:58]} Kb8 {[%emt 0:00:37]} 37. Rf7 {[%emt 0:02:50]} Re1 {[%emt 0:01:39]} 38. Bd6+ {[%emt 0:02:03]} Ka8 {[%emt 0:00:37]} 39. Be5 {[%emt 0:00:32]} Rd1+ {[%emt 0:00:23]} 40. Ke2 {[%emt 0:02:03]} Rc1 {[%emt 0:00:07]} 41. Kd2 {[%emt 0:01:27]} Rg1 {[%emt 0:00:08]} 42. g3 {[%emt 0:00:49]} Rg2+ {[%emt 0:00:41]} 43. Kc3 {[%emt 0:00:20]} Rg1 {[%emt 0:00:53]} 44. Nc5 {[%emt 0:00:39]} Rc1+ {[%emt 0:00:46]} 45. Kb4 {[%emt 0:00:33]} Rb1+ {[%emt 0:00:03]} 46. Ka5 {[%emt 0:05:22]} Re8 {[%emt 0:02:27]} 47. Ka6 {[%emt 0:00:50]} Ra1+ {[%emt 0:00:34]} 48. Kb6 {[%emt 0:00:55]} Rb1+ {[%emt 0:00:02]} 49. Kxc6 {[%emt 0:00:34]} Rd8 {[%emt 0:01:38]} 50. g4 {[%emt 0:05:11]} Rb2 {[%emt 0:00:36]} 51. Na4 {[%emt 0:00:22]} Rc2+ {[%emt 0:00:59]} 52. Kb6 {[%emt 0:00:39]} Rc1 {[%emt 0:00:42]} 53. Ra7# {[%emt 0:00:16]} 1-0